STN EN 1401-1 Potrubné systémy z plastov pre beztlakové kanalizácie uložené v zemi Nemäkčený polyvinylchlorid (PVC-U). Časť 1: Požiadavky na rúry, tvarovky a systém

Bibliographic Details
Format: Book
Language:Undetermined
PhysicalDescription:40 s.
Published: Bratislava Úrad pre normalizáciu, metrológiu a skúšobníctvo SR 2000

MARC

LEADER 00000nam a2200000 a 4500
001 vtls001385987
003 SK-MaSNL
005 20260223220533.0
008 160624sm y0 xo 0 und
035 |a SNK000340135 
040 |a SNK  |b slo  |c SNK  |e AACR2 
044 |a xo  |c SK 
245 1 |a STN EN 1401-1 Potrubné systémy z plastov pre beztlakové kanalizácie uložené v zemi  |b Nemäkčený polyvinylchlorid (PVC-U). Časť 1: Požiadavky na rúry, tvarovky a systém 
260 |a Bratislava  |b Úrad pre normalizáciu, metrológiu a skúšobníctvo SR  |c 2000 
300 |a 40 s. 
500 |a Norma je nahradená normou STN EN 1401-1 z októbra 2009 v celom rozsahu 
774 1 8 |t STN EN 1401-1: 2009  |d Bratislava : Slovenský ústav technickej normalizácie, 2009  |w vtls009956542 
999 |c 723116  |d 725046 
952 |t P60, <03>, [BOOK], {603}  |a SNK  |b SNK  |y PREZ  |7 0  |p 17A0232527  |o snkSTN EN 1401-1  |i snkN 76/2000  |0 0  |1 0  |4 0  |d 2000-03-29  |l 0  |r 2005-01-02 00:00:00  |w 2026-02-23 
952 |t P60, <04>, [BOOK], {604}  |a SNK  |b SNK  |y VYP  |7 0  |p 17A0232528  |o snkSTN EN 1401-1 D1  |i snkN 77/2000  |0 0  |1 0  |4 0  |d 2000-03-29  |l 0  |r 2005-01-02 00:00:00  |w 2026-02-23